Statistics for Rubik's Cube Types

Click here to take the quiz!

General Stats

  • This quiz has been taken 147 times
  • The average score is 10 of 11

Answer Stats

Puzzle % Correct
3x3
98%
2x2
97%
4x4
97%
5x5
97%
6x6
97%
7x7
97%
Pyraminx
90%
Megaminx
88%
Skewb
78%
Square-1
72%
Rubik's Clock
71%

Score Distribution

Percentile by Number Answered

Percent of People with Each Score

Your Score History

You have not taken this quiz